[Event "Ruhrgebiet Verbandsklasse Gruppe 2 1718"]
[Site "Germany"]
[Date "2017.11.05"]
[Round "3.6"]
[White "Bauriedel, Friedrich"]
[Black "Schmitz, Martin"]
[Result "1/2-1/2"]
[WhiteElo "1819"]
[BlackElo "1810"]
[PlyCount "34"]
[EventDate "2017.09.17"]
[EventType "team-tourn"]
[EventRounds "9"]
[EventCountry "GER"]
[SourceTitle "EXT 2022"]
[Source "ChessBase"]
[SourceDate "2021.10.06"]
[SourceVersion "1"]
[SourceVersionDate "2021.10.06"]
[SourceQuality "1"]
[WhiteTeam "Essen SK Germania Kupferdreh"]
[BlackTeam "Dortmund Matt Inn"]
[WhiteTeamCountry "GER"]
[BlackTeamCountry "GER"]

1. c4 Nf6 2. Nc3 c5 3. e4 d6 4. g3 Nc6 5. Bg2 g6 6. Nge2 Bg7 7. 0-0 0-0 8. d3 Rb8 9. Rb1 a6 10. a3 Nd4 11. Nxd4 cxd4 12. Ne2 e5 13. h3 b5 14. cxb5 axb5 15. Bd2 Nd7 16. f4 Qb6 17. Kh2 Bb7 1/2-1/2

[Event "BI-2015-P-0000"]
[Site "LSS email"]
[Date "2015.04.16"]
[Round "?"]
[White "Caviglia, Maximiliano"]
[Black "Schmitz, Martin"]
[Result "0-1"]
[WhiteElo "1242"]
[BlackElo "2044"]
[PlyCount "58"]
[EventDate "2015.04.22"]
[EventType "tourn (corr)"]
[EventRounds "10"]
[EventCountry "GER"]
[SourceTitle "Corr 2022"]
[Source "ChessBase"]
[SourceDate "2021.10.24"]
[SourceVersion "1"]
[SourceVersionDate "2021.10.24"]
[SourceQuality "1"]

1. d4 f5 2. Nf3 Nf6 3. Bf4 e6 4. h3 b6 5. e3 Bb7 6. Nbd2 Be7 7. c3 0-0 8. Be2 c5 9. dxc5 Bxc5 10. Nb3 Be7 11. 0-0 Nc6 12. Nbd4 Nxd4 13. exd4 Rc8 14. Re1 Ne4 15. Bd3 Rf6 16. Qe2 d6 17. Nd2 Nxd2 18. Bxd2 Rg6 19. f3 Bh4 20. Rf1 Bg3 21. Be1 Bf4 22. Bd2 Bxd2 23. Qxd2 Qh4 24. Kh1 Bd5 25. Rae1 Rf8 26. a3 Rg3 27. Re2 Rf6 28. Bb5 Rh6 29. c4 Bxf3 0-1

[Event "BI-2015-P-0000"]
[Site "LSS email"]
[Date "2015.04.16"]
[Round "?"]
[White "Obrien, Glenn"]
[Black "Schmitz, Martin"]
[Result "0-1"]
[WhiteElo "1353"]
[BlackElo "2044"]
[PlyCount "108"]
[EventDate "2015.04.22"]
[EventType "tourn (corr)"]
[EventRounds "10"]
[EventCountry "GER"]
[SourceTitle "Corr 2022"]
[Source "ChessBase"]
[SourceDate "2021.10.24"]
[SourceVersion "1"]
[SourceVersionDate "2021.10.24"]
[SourceQuality "1"]

1. e4 c5 2. Nf3 Nc6 3. d4 cxd4 4. Nxd4 Nf6 5. Nc3 e5 6. Ndb5 d6 7. Bg5 a6 8. Na3 b5 9. Nd5 Be7 10. Bxf6 Bxf6 11. c3 Rb8 12. Nc2 Bg5 13. a4 bxa4 14. Ncb4 Nxb4 15. Nxb4 Bd7 16. Bxa6 Qa5 17. Qxd6 Rb6 18. Qd3 Be7 19. Nd5 Rxb2 20. 0-0 Qc5 21. Rab1 Rxb1 22. Rxb1 0-0 23. Bb5 Bxb5 24. Rxb5 Qa7 25. Qe3 Qd7 26. Ra5 Rb8 27. Nxe7+ Qxe7 28. g3 Qd6 29. Kg2 Qc6 30. Rxe5 a3 31. Ra5 Ra8 32. Qd4 h6 33. f3 a2 34. Qd1 Kh7 35. Rxa2 Rxa2+ 36. Kh3 Qc8+ 37. g4 Qxc3 38. e5 Qc2 39. Qxc2+ Rxc2 40. f4 g5 41. f5 Re2 42. Kg3 Rxe5 43. Kf3 Kg7 44. Kf2 Kf6 45. Kf3 h5 46. h3 Ra5 47. gxh5 Kxf5 48. h6 Ra3+ 49. Kg2 Kf4 50. h7 Ra2+ 51. Kf1 Ra8 52. Ke2 f5 53. Kf2 g4 54. hxg4 fxg4 0-1

[Event "BI-2015-P-0000"]
[Site "LSS email"]
[Date "2015.04.16"]
[Round "?"]
[White "Rogachev, Vitalij"]
[Black "Schmitz, Martin"]
[Result "0-1"]
[WhiteElo "2199"]
[BlackElo "2044"]
[PlyCount "66"]
[EventDate "2015.04.22"]
[EventType "tourn (corr)"]
[EventRounds "10"]
[EventCountry "GER"]
[SourceTitle "Corr 2022"]
[Source "ChessBase"]
[SourceDate "2021.10.24"]
[SourceVersion "1"]
[SourceVersionDate "2021.10.24"]
[SourceQuality "1"]

1. d4 Nf6 2. c4 e6 3. Nf3 Bb4+ 4. Bd2 a5 5. a3 Bxd2+ 6. Qxd2 0-0 7. Nc3 d6 8. e4 Nc6 9. Rd1 b6 10. Be2 Bb7 11. Qc2 Qe7 12. 0-0 Rfd8 13. Rfe1 h6 14. g3 Rac8 15. Bf1 Nd7 16. Bg2 Qf6 17. d5 Nce5 18. Nd4 g5 19. Rf1 Re8 20. f4 gxf4 21. gxf4 Nxc4 22. e5 dxe5 23. fxe5 Qg5 24. Ne4 Qe3+ 25. Kh1 Bxd5 26. Nc3 Bxg2+ 27. Qxg2+ Qg5 28. Qh3 Ne3 29. Ne4 Qg2+ 30. Qxg2+ Nxg2 31. Nc6 Nb8 32. Nxb8 Ne3 33. Nf6+ Kh8 0-1

[Event "BI-2015-P-0000"]
[Site "LSS email"]
[Date "2015.04.16"]
[Round "?"]
[White "Schmitz, Martin"]
[Black "Liles, Chris"]
[Result "1-0"]
[WhiteElo "2044"]
[BlackElo "878"]
[PlyCount "45"]
[EventDate "2015.04.22"]
[EventType "tourn (corr)"]
[EventRounds "10"]
[EventCountry "GER"]
[SourceTitle "Corr 2022"]
[Source "ChessBase"]
[SourceDate "2021.10.24"]
[SourceVersion "1"]
[SourceVersionDate "2021.10.24"]
[SourceQuality "1"]

1. d4 Nf6 2. c4 e6 3. Nf3 d5 4. cxd5 exd5 5. Nc3 Be7 6. Bf4 Bd6 7. Bxd6 Qxd6 8. e3 c6 9. Bd3 Be6 10. 0-0 Nbd7 11. Rc1 0-0 12. h3 h6 13. Qb3 b6 14. Rfe1 c5 15. Qa3 Qb8 16. e4 Qb7 17. e5 Nh5 18. Ne2 c4 19. Bb1 f6 20. Bg6 f5 21. Bxh5 Kh7 22. Nf4 Bf7 23. Bxf7 1-0

[Event "Hofheim Spring op-A 3rd"]
[Site "Hofheim"]
[Date "2015.04.11"]
[Round "8"]
[White "Schmitz, Martin"]
[Black "Cichy, Michael"]
[Result "1/2-1/2"]
[WhiteElo "2001"]
[BlackElo "2008"]
[PlyCount "21"]
[EventDate "2015.04.07"]
[EventType "swiss"]
[EventRounds "9"]
[EventCountry "GER"]
[SourceTitle "CBM 166 Extra"]
[Source "ChessBase"]
[SourceDate "2015.06.18"]
[SourceVersion "1"]
[SourceVersionDate "2015.06.18"]
[SourceQuality "1"]

1. e4 c5 2. Nf3 e6 3. c4 Nc6 4. d4 cxd4 5. Nxd4 Nf6 6. Nc3 Bb4 7. Nxc6 bxc6 8. Bd3 e5 9. Bd2 d6 10. 0-0 0-0 11. Rc1 1/2-1/2

[Event "SB-2014-0-00391"]
[Site "LSS email"]
[Date "2014.11.06"]
[Round "?"]
[White "Chmela, Zdenek"]
[Black "Schmitz, Martin"]
[Result "1/2-1/2"]
[WhiteElo "2014"]
[BlackElo "2150"]
[PlyCount "65"]
[EventDate "2014.09.28"]
[EventType "tourn (corr)"]
[EventRounds "6"]
[EventCountry "GER"]
[SourceTitle "Corr 2022"]
[Source "ChessBase"]
[SourceDate "2021.10.24"]
[SourceVersion "1"]
[SourceVersionDate "2021.10.24"]
[SourceQuality "1"]

1. d4 Nf6 2. c4 e6 3. Nc3 Bb4 4. Nf3 0-0 5. e3 c5 6. Bd3 d5 7. 0-0 dxc4 8. Bxc4 Nbd7 9. a3 cxd4 10. axb4 dxc3 11. bxc3 Qc7 12. Qb3 Nb6 13. Be2 e5 14. Ra5 Be6 15. Qb2 Nfd7 16. Ng5 Bc4 17. Qc2 g6 18. Ne4 Bxe2 19. Qxe2 Rfd8 20. Bb2 Qc4 21. Qc2 Qe6 22. Nd2 Nf6 23. c4 Rxd2 24. Qxd2 Nxc4 25. Qc3 Nxa5 26. bxa5 Re8 27. f4 Nd5 28. Qxe5 Qxe5 29. Bxe5 Nxe3 30. Rb1 Nc4 31. Rxb7 Nxa5 32. Rc7 a6 33. g4 1/2-1/2

[Event "OP-2014-0-03497"]
[Site "LSS email"]
[Date "2014.09.09"]
[Round "?"]
[White "Goreczny, Grzegorz"]
[Black "Schmitz, Martin"]
[Result "1-0"]
[WhiteElo "1830"]
[BlackElo "2150"]
[PlyCount "97"]
[EventDate "2014.09.05"]
[EventType "tourn (corr)"]
[EventRounds "4"]
[EventCountry "GER"]
[SourceTitle "Corr 2022"]
[Source "ChessBase"]
[SourceDate "2021.10.24"]
[SourceVersion "1"]
[SourceVersionDate "2021.10.24"]
[SourceQuality "1"]

1. e4 c5 2. Nf3 Nc6 3. d4 cxd4 4. Nxd4 Nf6 5. Nc3 e5 6. Ndb5 d6 7. Nd5 Nxd5 8. exd5 Nb8 9. c4 Be7 10. Bd3 0-0 11. 0-0 a6 12. Nc3 f5 13. f3 Bg5 14. Bxg5 Qxg5 15. a4 Qe3+ 16. Kh1 Nd7 17. a5 Rb8 18. Na4 Nc5 19. Nxc5 Qxc5 20. Qb1 Bd7 21. b4 Qd4 22. Qc2 Rbc8 23. Rac1 g6 24. Rfd1 Qf4 25. Be2 Rfe8 26. Qb3 Kf8 27. c5 dxc5 28. Rc4 e4 29. bxc5 Qe5 30. Rcc1 Rb8 31. Qa3 Kg7 32. c6 bxc6 33. dxc6 Bxc6 34. Rxc6 exf3 35. Bf1 fxg2+ 36. Bxg2 Rbd8 37. Rf1 Re6 38. Rb6 Red6 39. Qa4 h5 40. Rg1 Kh6 41. Qb3 Qd4 42. Bb7 h4 43. Bf3 R8d7 44. Rb4 Qf6 45. Qe3+ Kh7 46. Rb6 Qd8 47. Rxd6 Rxd6 48. Rb1 Rd7 49. Qe6 1-0

[Event "SB-2014-0-00383"]
[Site "LSS email"]
[Date "2014.09.09"]
[Round "?"]
[White "Pott, Brian"]
[Black "Schmitz, Martin"]
[Result "1/2-1/2"]
[WhiteElo "1795"]
[BlackElo "2150"]
[PlyCount "60"]
[EventDate "2014.08.23"]
[EventType "tourn (corr)"]
[EventRounds "6"]
[EventCountry "GER"]
[SourceTitle "Corr 2022"]
[Source "ChessBase"]
[SourceDate "2021.10.24"]
[SourceVersion "1"]
[SourceVersionDate "2021.10.24"]
[SourceQuality "1"]

1. e4 c5 2. Nf3 Nc6 3. d4 cxd4 4. Nxd4 Nf6 5. Nc3 e5 6. Ndb5 d6 7. Bg5 a6 8. Na3 b5 9. Nd5 Be7 10. Bxf6 Bxf6 11. c3 Bg5 12. Nc2 Rb8 13. a4 bxa4 14. Ncb4 Bd7 15. Bxa6 Nxb4 16. Nxb4 Qa5 17. Qxd6 Rb6 18. Qd3 Be7 19. Nd5 Rxb2 20. 0-0 Qc5 21. Rab1 Rxb1 22. Rxb1 0-0 23. Bb5 Be8 24. Bxe8 Rxe8 25. Qa6 a3 26. Nxe7+ Qxe7 27. Rb4 Qd7 28. g3 h5 29. Qxa3 Rd8 30. Qb3 Qd2 1/2-1/2

[Event "OP-2014-0-03497"]
[Site "LSS email"]
[Date "2014.09.09"]
[Round "?"]
[White "Schmitz, Martin"]
[Black "Novikov, Evgeny"]
[Result "1/2-1/2"]
[WhiteElo "2150"]
[BlackElo "1685"]
[PlyCount "99"]
[EventDate "2014.09.05"]
[EventType "tourn (corr)"]
[EventRounds "4"]
[EventCountry "GER"]
[SourceTitle "Corr 2022"]
[Source "ChessBase"]
[SourceDate "2021.10.24"]
[SourceVersion "1"]
[SourceVersionDate "2021.10.24"]
[SourceQuality "1"]

1. d4 d5 2. Nf3 Nf6 3. Bg5 Ne4 4. Bh4 c5 5. e3 Qb6 6. Qc1 cxd4 7. exd4 g5 8. Bg3 g4 9. Ne5 Nd7 10. Nxd7 Bxd7 11. c3 Bh6 12. Qc2 Bf5 13. Qb3 Qe6 14. Be2 a6 15. Bh4 0-0 16. 0-0 Rad8 17. Bd3 Rd7 18. Re1 Qg6 19. Qa4 Rc8 20. Bxe4 dxe4 21. Na3 b5 22. Qb3 Be6 23. Qd1 f5 24. Nc2 Bf7 25. a4 Bb3 26. axb5 axb5 27. Qe2 Bc4 28. Qd1 e5 29. Ra5 Rf8 30. Na3 Qc6 31. Nxc4 Qxc4 32. Ra6 Bg7 33. d5 Rxd5 34. Qc1 f4 35. Qc2 e3 36. fxe3 fxe3 37. Qe2 Qxe2 38. Rxe2 Rd2 39. Rxe3 Rxb2 40. Re6 Rc8 41. h3 gxh3 42. Rxh3 Rb1+ 43. Kh2 Rc1 44. Rb6 R1xc3 45. Rxb5 R3c6 46. Re3 Rc5 47. Rb6 R5c6 48. Rb5 Rc5 49. Rb6 R5c6 50. Rb5 1/2-1/2

[Event "OP-2014-0-03497"]
[Site "LSS email"]
[Date "2014.09.09"]
[Round "?"]
[White "Schmitz, Martin"]
[Black "Vysotskiy, Evgeniy"]
[Result "1/2-1/2"]
[WhiteElo "2150"]
[BlackElo "1921"]
[PlyCount "107"]
[EventDate "2014.09.05"]
[EventType "tourn (corr)"]
[EventRounds "4"]
[EventCountry "GER"]
[SourceTitle "Corr 2022"]
[Source "ChessBase"]
[SourceDate "2021.10.24"]
[SourceVersion "1"]
[SourceVersionDate "2021.10.24"]
[SourceQuality "1"]

1. e4 e5 2. Nf3 Nf6 3. Nxe5 d6 4. Nf3 Nxe4 5. Nc3 Nxc3 6. dxc3 Be7 7. Qd4 0-0 8. Be3 c5 9. Qf4 Nc6 10. 0-0-0 d5 11. Kb1 Bd6 12. Qg5 Ne7 13. g4 h6 14. Qh5 f5 15. Nh4 f4 16. Bc1 Qe8 17. Bg2 Qxh5 18. gxh5 f3 19. Bxf3 Rxf3 20. Nxf3 Bg4 21. Nh4 Bxd1 22. Rxd1 Rf8 23. Be3 Rf6 24. b3 Kf7 25. h3 Nf5 26. Ng2 Nxe3 27. Nxe3 Rf3 28. Rxd5 Ke6 29. Rd1 Be5 30. Kb2 Rxh3 31. Rd8 Rxh5 32. Re8+ Kd7 33. Rf8 Rg5 34. Rf7+ Ke6 35. Rxb7 h5 36. Rxa7 h4 37. Ra6+ Kd7 38. Ra4 h3 39. Rh4 h2 40. Nf1 Rg2 41. Nxh2 Bxh2 42. f4 Kc6 43. a4 Bg1 44. Rh8 Bh2 45. Rc8+ Kb6 46. b4 cxb4 47. cxb4 Bxf4 48. a5+ Kb7 49. Re8 Rg3 50. c4 Re3 51. Rxe3 Bxe3 52. b5 Bg1 53. Kc3 Kc7 54. Kd3 1/2-1/2

[Event "Bayern-chI Bank Hofmann 17th"]
[Site "Bad Wiessee"]
[Date "2013.10.26"]
[Round "1"]
[White "Postny, Evgeny"]
[Black "Schmitz, Martin"]
[Result "1-0"]
[WhiteElo "2631"]
[BlackElo "2027"]
[PlyCount "69"]
[EventDate "2013.10.26"]
[EventType "swiss"]
[EventRounds "9"]
[EventCountry "GER"]
[SourceTitle "EXT 2014"]
[Source "ChessBase"]
[SourceDate "2013.11.20"]
[SourceVersion "1"]
[SourceVersionDate "2013.11.20"]
[SourceQuality "1"]

1. d4 Nf6 2. c4 e6 3. Nf3 Bb4+ 4. Bd2 Qe7 5. g3 0-0 6. Nc3 d6 7. Bg2 Nc6 8. 0-0 Bxc3 9. Bxc3 Ne4 10. Be1 a5 11. Rc1 f5 12. d5 Nb8 13. dxe6 Bxe6 14. Nd2 Nc5 15. Nb3 Nxb3 16. Qxb3 c6 17. Qe3 Nd7 18. Bc3 Rfe8 19. Qf4 Nb6 20. b3 a4 21. Rfd1 axb3 22. axb3 d5 23. Bd4 Ra6 24. Qe3 Qd8 25. Qe5 Qe7 26. Bxb6 Rxb6 27. cxd5 cxd5 28. Rc7 Qf6 29. Qxf6 gxf6 30. Bxd5 Bxd5 31. Rxd5 Rxb3 32. e3 f4 33. gxf4 Kh8 34. Kg2 Rg8+ 35. Kf3 1-0

[Event "NRW Verbandsliga Group1 1314"]
[Site "Nordrheinwestfalen"]
[Date "2013.09.08"]
[Round "1.6"]
[White "Schmitz, Martin"]
[Black "Bauch, Ralf"]
[Result "1/2-1/2"]
[WhiteElo "1909"]
[BlackElo "1925"]
[PlyCount "40"]
[EventDate "2013.09.08"]
[EventType "team-tourn"]
[EventRounds "9"]
[EventCountry "GER"]
[SourceTitle "EXT 2020"]
[Source "ChessBase"]
[SourceDate "2019.10.17"]
[SourceVersion "1"]
[SourceVersionDate "2019.10.17"]
[SourceQuality "1"]
[WhiteTeam "Dortmund FS 98"]
[BlackTeam "Doppelbauer Brambauer"]
[WhiteTeamCountry "GER"]
[BlackTeamCountry "GER"]

1. e4 e6 2. d4 d5 3. e5 c5 4. c3 Qb6 5. Nf3 Bd7 6. Bd3 Bb5 7. 0-0 Bxd3 8. Qxd3 Nc6 9. dxc5 Bxc5 10. Nbd2 Nh6 11. Nb3 Bxf2+ 12. Rxf2 Ng4 13. Nbd4 Nxf2 14. Kxf2 h6 15. b3 0-0 16. Be3 Qc7 17. Nxc6 Qxc6 18. Bd4 Rfc8 19. g4 Qd7 20. Qe3 b5 1/2-1/2

[Event "LSS No Engine Cup 83 Preliminary 2"]
[Site "LSS email"]
[Date "2013.02.27"]
[Round "?"]
[White "Schmitz, Martin"]
[Black "Recio Chicharro, Luis"]
[Result "1-0"]
[WhiteElo "1952"]
[BlackElo "1256"]
[PlyCount "49"]
[EventDate "2013.02.28"]
[EventType "tourn (corr)"]
[EventRounds "6"]
[EventCountry "GER"]
[SourceTitle "Telechess CBM 161"]
[Source "ChessBase"]
[SourceDate "2014.07.16"]
[SourceVersion "1"]
[SourceVersionDate "2014.07.16"]
[SourceQuality "1"]

1. e4 c5 2. Nf3 Nc6 3. d4 cxd4 4. Nxd4 g6 5. Be3 Bg7 6. c4 d6 7. Be2 Nf6 8. Nc3 0-0 9. 0-0 a6 10. Qd2 Bd7 11. f3 Rc8 12. Rad1 Ne5 13. b3 Qc7 14. Nd5 Nxd5 15. exd5 f5 16. Rfe1 Rce8 17. h3 Qc8 18. f4 Nf7 19. Bf3 Nd8 20. Qa5 h6 21. Bf2 Qc5 22. Nb5 b6 23. Qxa6 Qc8 24. Qxb6 Qb7 25. Nc7 1-0

[Event "Ruhrgebiet Verbandsliga1 1213"]
[Site "Nordrheinwestfalen"]
[Date "2013.01.27"]
[Round "6.4"]
[White "Kiese, Matthias"]
[Black "Schmitz, Martin"]
[Result "1-0"]
[WhiteElo "2125"]
[BlackElo "1915"]
[PlyCount "77"]
[EventDate "2012.09.02"]
[EventType "team-tourn"]
[EventRounds "9"]
[EventCountry "GER"]
[SourceTitle "EXT 2020"]
[Source "ChessBase"]
[SourceDate "2019.10.17"]
[SourceVersion "1"]
[SourceVersionDate "2019.10.17"]
[SourceQuality "1"]
[WhiteTeam "Bochum SV II"]
[BlackTeam "Dortmund FS 98"]
[WhiteTeamCountry "GER"]
[BlackTeamCountry "GER"]

1. d4 Nf6 2. Nf3 e6 3. Bg5 h6 4. Bxf6 Qxf6 5. Nbd2 b6 6. e4 Bb7 7. Bd3 g6 8. Qe2 Bg7 9. c3 0-0 10. 0-0 d6 11. a4 Nd7 12. a5 e5 13. Ba6 Bxa6 14. Qxa6 Qf4 15. axb6 axb6 16. Qb5 Rxa1 17. Rxa1 Nf6 18. Qc6 d5 19. g3 Qg4 20. dxe5 Nxe4 21. Qxd5 Nxd2 22. Nxd2 Qe2 23. Nc4 Re8 24. Ra8 Rxa8 25. Qxa8+ Bf8 26. Ne3 Qxb2 27. Qc6 Bc5 28. e6 fxe6 29. Qxe6+ Kg7 30. Qd7+ Kf8 31. Qd8+ Kg7 32. Qxc7+ Kf8 33. Qf4+ Kg7 34. Nd5 Qa1+ 35. Kg2 Qa8 36. Qe5+ Kh7 37. f3 Qa2+ 38. Kh3 Bg1 39. Qe7+ 1-0

[Event "SA-2012-0-00314"]
[Site "LSS email"]
[Date "2012.11.22"]
[Round "?"]
[White "Schmitz, Martin"]
[Black "Buczinski, Henryk"]
[Result "0-1"]
[WhiteElo "1951"]
[BlackElo "2036"]
[PlyCount "68"]
[EventDate "2012.11.06"]
[EventType "tourn (corr)"]
[EventRounds "6"]
[EventCountry "GER"]
[SourceTitle "Telechess CBM 163"]
[Source "ChessBase"]
[SourceDate "2014.11.11"]
[SourceVersion "2"]
[SourceVersionDate "2014.11.11"]
[SourceQuality "1"]

1. e4 e5 2. Nf3 Nc6 3. Bb5 a6 4. Bxc6 dxc6 5. 0-0 Qd6 6. Na3 Be6 7. Qe2 f6 8. Rd1 0-0-0 9. d4 Bg4 10. Be3 Qe6 11. dxe5 Rxd1+ 12. Qxd1 Bxa3 13. bxa3 fxe5 14. Ng5 Bxd1 15. Nxe6 Bxc2 16. f3 Ba4 17. Nxg7 Nf6 18. Kf2 Ne8 19. Nf5 Nd6 20. h4 Kd7 21. Bc5 Nc4 22. Rc1 Nb2 23. Ke3 Rg8 24. g4 Re8 25. Rb1 Nc4+ 26. Kd3 Bb5 27. Kc3 b6 28. Rd1+ Kc8 29. Ng7 Rh8 30. Be7 c5 31. Rd5 Nxa3 32. Rxe5 Be2 33. Rf5 a5 34. Kd2 Bc4 0-1